[Event "Olimpiade 2014 - Open"]
[Site "Tromsø"]
[Date "02.08.2014"]
[Round "1.21"]
[Board "2"]
[White "Kassis, Antoine LIB"]
[Black "Cori, Jorge"]
[Result "0-1"]
[WhiteTitle "FM"]
[BlackTitle "GM"]
[WhiteElo "2157"]
[BlackElo "2630"]
[WhiteTeam "Lebanon"]
[BlackTeam "Peru"]
[WhiteFideId "5300150"]
[BlackFideId "3802272"]
[EventDate "2014.08.02"]

1. e4 c5 2. Nf3 e6 3. d4 cxd4 4. Nxd4 Nc6 5. Nc3 Qc7 6. Be3 a6 7. Be2 Nf6 8. a3
b5 9. Nxc6 dxc6 10. f4 Bb7 11. O-O Rd8 12. Qe1 c5 13. e5 Nd7 14. Qg3 g6 15. Bf3
Be7 16. a4 Bxf3 17. Qxf3 b4 18. Ne4 Nb6 19. Qf2 O-O 20. Bxc5 Bxc5 21. Qxc5 Qxc5+
22. Nxc5 Rc8 23. Nd3 a5 24. Rf2 Rfd8 25. b3 Rd4 26. Rd1 Nd5 27. g3 Ne3 28. Rdd2
Rcd8 29. Rf3 Nxc2 30. Rxc2 Rxd3 31. Rxd3 Rxd3 32. Rc5 Rxb3 33. Rxa5 Ra3 34. Ra8+
Kg7 35. a5 g5 36. Rb8 gxf4 37. gxf4 b3 38. Kg2 Kg6 39. a6 Kf5 40. a7 Rxa7 41.
Kg3 Ra3 42. Rb4 b2+ 43. Kg2 Ra2 44. Kg3 h6 45. Kh4 Ra4 46. Rxb2 Rxf4+ 47. Kh5
Kxe5 48. Kxh6 Kf5 49. Kg7 f6 50. Rb5+ e5 51. Rb6 Kg4 0-1

[Event "Olimpiade 2014 - Open"]
[Site "Tromsø"]
[Date "02.08.2014"]
[Round "1.21"]
[Board "3"]
[White "Cruz, Cristhian"]
[Black "El Jawich, Amro"]
[Result "1-0"]
[WhiteTitle "GM"]
[BlackTitle "FM"]
[WhiteElo "2553"]
[BlackElo "2186"]
[WhiteTeam "Peru"]
[BlackTeam "Lebanon"]
[WhiteFideId "3801969"]
[BlackFideId "5300380"]
[EventDate "2014.08.02"]

1. c4 g6 2. g3 Bg7 3. Bg2 Nc6 4. Nc3 d6 5. d3 e5 6. e4 f5 7. Nge2 Nf6 8. O-O O-O
9. Nd5 Ne7 10. Nxf6+ Bxf6 11. Bh6 Bg7 12. Bxg7 Kxg7 13. Qd2 fxe4 14. dxe4 Bg4
15. f3 Be6 16. b3 Nc6 17. f4 Qe7 18. Rf2 Bg4 19. Nc3 Be6 20. Raf1 Nd4 21. Qd3
Qd7 22. Nb5 Nxb5 23. cxb5 Rf6 24. Qc3 Raf8 25. fxe5 Rxf2 26. Rxf2 Rxf2 27. Kxf2
dxe5 28. Qxe5+ Kf7 29. Ke3 c6 30. Qh8 Qd1 31. Qxh7+ Kf6 32. e5+ Kxe5 33. Qh8+
Kd6 34. Qd4+ Qxd4+ 35. Kxd4 cxb5 36. Bxb7 g5 37. h4 gxh4 38. gxh4 Bg4 39. b4 Kc7
40. Be4 Bh5 41. Kc5 a6 42. a3 1-0

[Event "Olimpiade 2014 - Open"]
[Site "Tromsø"]
[Date "02.08.2014"]
[Round "1.21"]
[Board "4"]
[White "Chahrour, Ibrahim"]
[Black "Cutipa, Elfer"]
[Result "1-0"]
[WhiteTitle "FM"]
[WhiteElo "2170"]
[BlackElo "2117"]
[WhiteTeam "Lebanon"]
[BlackTeam "Peru"]
[WhiteFideId "5301653"]
[BlackFideId "3804208"]
[EventDate "2014.08.02"]

1. e4 e5 2. Nf3 d6 3. d4 exd4 4. Nxd4 Nf6 5. Nc3 Be7 6. Be2 O-O 7. Be3 Re8 8.
Qd2 Bf8 9. Bf3 Nbd7 10. Nde2 Ne5 11. b3 c6 12. O-O-O b5 13. Ng3 Be6 14. Be2 Qa5
15. Kb1 b4 16. Na4 d5 17. f4 Nc4 18. bxc4 dxc4 19. f5 c3 20. Qd3 Bxa2+ 21. Kxa2
Qxa4+ 22. Kb1 Nd5 23. exd5 Rxe3 24. Qa6 Qa3 25. Qxa3 bxa3 26. d6 Rd8 27. d7 Re7
28. Rd3 Rdxd7 29. Rhd1 Rb7+ 30. Ka1 g6 31. Rd8 Kg7 32. f6+ Kxf6 33. Rxf8 Kg7 34.
Rc8 f5 35. Bd3 a2 36. Rxc6 Rb2 37. Rxc3 Reb7 38. Rb3 R2xb3 39. cxb3 Rxb3 40.
Kxa2 Rb7 41. Rb1 Rd7 42. Rb3 h5 43. Kb2 Kf6 44. Kc2 Rd5 45. Rb5 Rd4 46. Nxh5+
gxh5 47. Rxf5+ Ke6 48. Rxh5 1-0

[Event "Olimpiade 2014 - Open"]
[Site "Tromsø"]
[Date "02.08.2014"]
[Round "1.22"]
[Board "1"]
[White "Guevara, Carlos"]
[Black "Kovalenko, Igor"]
[Result "0-1"]
[BlackTitle "GM"]
[WhiteElo "2218"]
[BlackElo "2650"]
[WhiteTeam "Nicaragua"]
[BlackTeam "Latvia"]
[WhiteFideId "6100252"]
[BlackFideId "14117908"]
[EventDate "2014.08.02"]

1. d4 e6 2. c4 b6 3. Nf3 Bb7 4. g3 Bb4+ 5. Bd2 a5 6. Bg2 Nf6 7. O-O O-O 8. Nc3
d6 9. b3 Nbd7 10. a3 Bxc3 11. Bxc3 Qe7 12. Re1 h6 13. Qc2 Be4 14. Qb2 c6 15. Nd2
Bxg2 16. Kxg2 b5 17. Qc2 d5 18. e4 Qd8 19. Rac1 Rb8 20. h3 Rb7 21. Qd3 Qa8 22.
Kh2 bxc4 23. bxc4 Qa6 24. Qe2 Rc8 25. Kg2 Nxe4 26. Nxe4 dxe4 27. Qxe4 Rb3 28. d5
cxd5 29. Qd4 Nf6 30. cxd5 Rc4 31. Qe5 Qb7 32. Bxa5 Nxd5 33. Kg1 Nf4 34. gxf4
Rxh3 35. Qd5 0-1

[Event "Olimpiade 2014 - Open"]
[Site "Tromsø"]
[Date "02.08.2014"]
[Round "1.22"]
[Board "2"]
[White "Neiksans, Arturs"]
[Black "Garcia, Ricardo NCA"]
[Result "1-0"]
[WhiteTitle "GM"]
[BlackTitle "FM"]
[WhiteElo "2572"]
[BlackElo "2215"]
[WhiteTeam "Latvia"]
[BlackTeam "Nicaragua"]
[WhiteFideId "11601388"]
[BlackFideId "6104347"]
[EventDate "2014.08.02"]

1. e4 c5 2. Nf3 Nc6 3. Bb5 e6 4. O-O Nge7 5. d4 cxd4 6. Nxd4 g6 7. Nxc6 Nxc6 8.
Nc3 Bg7 9. Be3 O-O 10. Qd2 Qa5 11. Bh6 a6 12. Bxg7 Kxg7 13. Ba4 Qc5 14. Rfd1 b5
15. Bb3 Rd8 16. Qd6 Qxd6 17. Rxd6 Kf8 18. Rad1 Ke7 19. f4 Bb7 20. a3 Rac8 21.
Kf2 Na5 22. Ba2 Nc4 23. Bxc4 Rxc4 24. Ke3 Rc6 25. e5 Rxd6 26. Rxd6 Rc8 27. Rb6
Rc7 28. g4 Kd8 29. g5 Kc8 30. Rd6 Rc5 31. Kd3 Kc7 32. Nd1 Rc4 33. Rd4 Bf3 34.
Nc3 Rc5 35. Rd6 a5 36. b4 axb4 37. axb4 Rd5+ 38. Nxd5+ Bxd5 39. Kd4 Bc4 40. Ke4 1-0

[Event "Olimpiade 2014 - Open"]
[Site "Tromsø"]
[Date "02.08.2014"]
[Round "1.22"]
[Board "3"]
[White "Ortiz, Marcos"]
[Black "Miezis, Normunds"]
[Result "0-1"]
[BlackTitle "GM"]
[WhiteElo "2214"]
[BlackElo "2524"]
[WhiteTeam "Nicaragua"]
[BlackTeam "Latvia"]
[WhiteFideId "6100678"]
[BlackFideId "11600136"]
[EventDate "2014.08.02"]

1. e4 c5 2. Nf3 e6 3. d4 cxd4 4. Nxd4 a6 5. Nc3 Qc7 6. Bd3 Nc6 7. Be3 Nf6 8. O-O
Nxd4 9. Bxd4 Bc5 10. Bxc5 Qxc5 11. Kh1 b5 12. Qe1 Bb7 13. f3 d6 14. b4 Qxb4 15.
Nxb5 Qxe1 16. Nxd6+ Ke7 17. Rfxe1 Kxd6 18. e5+ Ke7 19. Rab1 Ra7 20. exf6+ Kxf6
21. Rb6 Rd8 22. Reb1 Rd7 23. Kg1 a5 24. Bb5 Rd2 25. Rc1 g5 26. h3 h5 27. Kf1 Bd5
28. c4 Rc7 29. c5 Rxa2 30. Be2 a4 31. Kf2 a3 32. Ke3 h4 33. Ra6 Rb7 34. c6 Rb3+
35. Bd3 Ke5 36. Ra8 f5 0-1

[Event "Olimpiade 2014 - Open"]
[Site "Tromsø"]
[Date "02.08.2014"]
[Round "1.22"]
[Board "4"]
[White "Kantans, Toms"]
[Black "Madrigal, Mariano"]
[Result "0-1"]
[WhiteTitle "IM"]
[BlackTitle "IM"]
[WhiteElo "2496"]
[BlackElo "2156"]
[WhiteTeam "Latvia"]
[BlackTeam "Nicaragua"]
[WhiteFideId "11602945"]
[BlackFideId "6100961"]
[EventDate "2014.08.02"]

1. e4 c5 2. Nf3 Nc6 3. d4 cxd4 4. Nxd4 g6 5. Nc3 Bg7 6. Be3 Nf6 7. Bc4 Qa5 8.
O-O O-O 9. Bb3 d6 10. h3 Bd7 11. Re1 Rac8 12. Nf3 Qa6 13. Bg5 Rfd8 14. Nd5 Re8
15. Nxf6+ exf6 16. Qxd6 Be6 17. Be3 Red8 18. Qg3 Bxb3 19. axb3 Qb5 20. Rad1 f5
21. Qh4 Re8 22. exf5 Qxf5 23. c3 a6 24. b4 Re4 25. Qg5 Qe6 26. Qa5 Nxa5 0-1

[Event "Olimpiade 2014 - Open"]
[Site "Tromsø"]
[Date "02.08.2014"]
[Round "1.23"]
[Board "1"]
[White "Saric, Ivan"]
[Black "Baules, Jorge"]
[Result "1-0"]
[WhiteTitle "GM"]
[BlackTitle "IM"]
[WhiteElo "2671"]
[BlackElo "2317"]
[WhiteTeam "Croatia"]
[BlackTeam "Panama"]
[WhiteFideId "14508150"]
[BlackFideId "6600247"]
[EventDate "2014.08.02"]

1. e4 c5 2. Nf3 d6 3. d4 cxd4 4. Nxd4 Nf6 5. Nc3 g6 6. Be3 Bg7 7. f3 O-O 8. Qd2
Nc6 9. Bc4 Nxd4 10. Bxd4 Be6 11. Bb3 Qa5 12. O-O-O Bxb3 13. cxb3 Rfc8 14. Kb1
Rab8 15. Rhe1 b5 16. e5 dxe5 17. Rxe5 e6 18. Qe2 a6 19. Rxe6 Re8 20. Re5 Red8
21. g4 Rbc8 22. g5 Nh5 23. Nd5 Rxd5 24. Rxd5 Nf4 25. Qd2 Qxd2 26. Rxd2 Nxd5 27.
Bxg7 Kxg7 28. Rxd5 Re8 29. a4 Re3 30. Rd6 Rxb3 31. a5 Rxf3 32. Rxa6 Rf5 33. h4
Rf4 34. Rb6 Rxh4 35. Rxb5 h6 36. gxh6+ Kxh6 37. b4 Re4 38. a6 Re8 39. a7 Ra8 40.
Ra5 1-0

[Event "Olimpiade 2014 - Open"]
[Site "Tromsø"]
[Date "02.08.2014"]
[Round "1.23"]
[Board "2"]
[White "Sanchez, Jorge"]
[Black "Palac, Mladen"]
[Result "1/2-1/2"]
[WhiteTitle "FM"]
[BlackTitle "GM"]
[WhiteElo "2090"]
[BlackElo "2563"]
[WhiteTeam "Panama"]
[BlackTeam "Croatia"]
[WhiteFideId "6600280"]
[BlackFideId "14500116"]
[EventDate "2014.08.02"]

1. e4 c5 2. Nf3 d6 3. d4 cxd4 4. Nxd4 Nf6 5. Nc3 Nc6 6. g3 e6 7. Bg2 Bd7 8. O-O
Be7 9. Ndb5 Qb8 10. Bg5 a6 11. Bxf6 gxf6 12. Nd4 Qa7 13. Nce2 Rc8 14. b3 Nxd4
15. Nxd4 b5 16. Qd3 Qc5 17. Rfc1 Qc3 18. Ne2 Qxd3 19. cxd3 O-O 20. Rxc8 Rxc8 21.
Rc1 Rxc1+ 22. Nxc1 a5 23. Kf1 Bd8 24. Ne2 Bb6 25. Nf4 Kf8 26. h4 Ke7 27. Ke2 Bc6
28. Bh3 Bb7 29. Bg4 Bd4 30. Bh3 a4 31. Bg2 Bc6 32. Bf3 b4 33. Ng2 a3 34. Ne1 Bb5
35. Nc2 Bc3 36. Bg2 Bd7 37. Bf3 Bc6 38. Ne3 Bb5 39. Nc2 Kd8 40. Bh5 Ke8 41. Bf3
Ke7 42. Bg2 Kf8 43. Bf3 Ke7 1/2-1/2

[Event "Olimpiade 2014 - Open"]
[Site "Tromsø"]
[Date "02.08.2014"]
[Round "1.23"]
[Board "3"]
[White "Kozul, Zdenko"]
[Black "Aizpurua, Patrick"]
[Result "1-0"]
[WhiteTitle "GM"]
[BlackTitle "FM"]
[WhiteElo "2608"]
[BlackElo "2172"]
[WhiteTeam "Croatia"]
[BlackTeam "Panama"]
[WhiteFideId "14502879"]
[BlackFideId "6600522"]
[EventDate "2014.08.02"]

1. d4 d5 2. c4 c6 3. Nc3 Nf6 4. e3 g6 5. Nf3 Bg7 6. Bd3 O-O 7. O-O Nbd7 8. b3 e5
9. cxd5 cxd5 10. dxe5 Ng4 11. Ba3 Re8 12. Bb5 Qa5 13. Bb2 Ngxe5 14. Nxe5 Bxe5
15. Qd2 a6 16. Be2 Nf6 17. Rfd1 Bd7 18. Bf3 Bc6 19. Nxd5 Qxd2 20. Nxf6+ Bxf6 21.
Rxd2 Bxb2 22. Rxb2 Bxf3 23. gxf3 Rac8 24. Rd1 Re5 25. f4 Rb5 26. Kg2 Kg7 27. Rd7
Rc6 28. Rbd2 Kf8 29. Kg3 Rc1 30. e4 Rc6 31. e5 Rb4 32. h4 h5 33. Rd8+ Ke7 34.
R2d7+ Ke6 35. Rd6+ Rxd6 36. Rxd6+ Ke7 37. Kf3 a5 38. Ke3 a4 39. Rd4 Rxd4 40.
Kxd4 axb3 41. axb3 Ke6 42. Ke4 f6 43. b4 Kd7 44. Kd5 Ke7 45. b5 b6 46. exf6+
Kxf6 47. Kc6 Kf5 48. Kxb6 Kxf4 49. Kc5 Kf3 50. b6 Kxf2 51. b7 Kg3 52. b8=Q+ Kxh4
53. Kd4 g5 54. Ke3 g4 55. Qf4 1-0

[Event "Olimpiade 2014 - Open"]
[Site "Tromsø"]
[Date "02.08.2014"]
[Round "1.23"]
[Board "4"]
[White "Esquivel Golcher, Luis"]
[Black "Zelcic, Robert"]
[Result "0-1"]
[WhiteTitle "FM"]
[BlackTitle "GM"]
[WhiteElo "2173"]
[BlackElo "2548"]
[WhiteTeam "Panama"]
[BlackTeam "Croatia"]
[WhiteFideId "6600174"]
[BlackFideId "14500310"]
[EventDate "2014.08.02"]

1. e4 Nf6 2. e5 Nd5 3. c4 Nb6 4. c5 Nd5 5. Nc3 e6 6. Nxd5 exd5 7. d4 d6 8. cxd6
cxd6 9. Nf3 Nc6 10. Be2 dxe5 11. Nxe5 Bb4+ 12. Bd2 Bd6 13. O-O O-O 14. Nf3 Bg4
15. Be3 Rc8 16. a3 Na5 17. h3 Bh5 18. Nd2 Bxe2 19. Qxe2 Rc2 20. Qd3 Rxb2 21. Qc3
Rb5 22. a4 Rb4 23. Bf4 Nc6 24. Bxd6 Qxd6 25. Nf3 a5 26. Rfe1 h6 27. Re2 Qf6 28.
Rd2 Re8 29. Qc5 Rd8 30. Qc3 Qf4 31. Rd3 Rc4 32. Qb2 Nb4 33. Rc3 Rdc8 34. Rxc4
dxc4 35. Qc3 b6 36. Re1 Nd5 37. Qc2 c3 38. Re4 Qxe4 39. Qxe4 c2 40. Qxd5 c1=Q+
41. Kh2 Qc6 42. Qf5 Qe6 43. Qb5 Qd6+ 44. g3 Qc6 45. Qb3 Qc2 46. Qe3 Qxa4 47. Ne5
Qe8 48. Qf3 a4 49. Qd1 0-1

[Event "Olimpiade 2014 - Open"]
[Site "Tromsø"]
[Date "02.08.2014"]
[Round "1.24"]
[Board "1"]
[White "Gaealafshwe, Barileng"]
[Black "Banikas, Hristos"]
[Result "1/2-1/2"]
[WhiteTitle "CM"]
[BlackTitle "GM"]
[WhiteElo "2222"]
[BlackElo "2644"]
[WhiteTeam "Botswana"]
[BlackTeam "Greece"]
[WhiteFideId "11300310"]
[BlackFideId "4202031"]
[EventDate "2014.08.02"]

1. Nf3 c5 2. c4 Nc6 3. d4 cxd4 4. Nxd4 Nf6 5. Nc3 e6 6. a3 Bc5 7. Nb3 Be7 8. e4
O-O 9. Be3 b6 10. Be2 Ba6 11. O-O Rc8 12. Nd2 Qc7 13. Rc1 Qb8 14. f4 Rfd8 15. e5
Ne8 16. b4 Bb7 17. c5 bxc5 18. bxc5 f6 19. exf6 Bxf6 20. Nde4 Ne7 21. Nxf6+ Nxf6
22. Qd6 Nf5 23. Qxb8 Rxb8 24. Bf2 Ne4 25. Nxe4 Bxe4 26. Rfd1 Ne7 27. Rc4 Bd5 28.
Rb4 Nc6 29. Rbb1 Rf8 30. Be3 Ne7 31. Bd3 Bc6 32. Rxb8 Rxb8 33. Rb1 Rxb1+ 34.
Bxb1 Nd5 35. Bd2 Nf6 36. Bd3 Kf7 37. Bc3 Nd5 38. Be5 Ne3 39. g3 g6 40. Ba6 Nc2
41. Bb2 Ne3 42. Be5 Nc2 43. Bb2 Ne3 1/2-1/2

[Event "Olimpiade 2014 - Open"]
[Site "Tromsø"]
[Date "02.08.2014"]
[Round "1.24"]
[Board "2"]
[White "Papaioannou, Ioannis"]
[Black "Njobvu, Ignatius"]
[Result "1/2-1/2"]
[WhiteTitle "GM"]
[BlackTitle "FM"]
[WhiteElo "2641"]
[BlackElo "2193"]
[WhiteTeam "Greece"]
[BlackTeam "Botswana"]
[WhiteFideId "4201345"]
[BlackFideId "11300132"]
[EventDate "2014.08.02"]

1. d4 d5 2. Nf3 Nf6 3. c4 e6 4. g3 Bb4+ 5. Nbd2 dxc4 6. Bg2 b5 7. O-O O-O 8. a4
c6 9. Ne1 Nd5 10. e4 Ne7 11. Nc2 Bxd2 12. Bxd2 Bb7 13. Qh5 a6 14. Rfd1 Nd7 15.
Bc3 Nf6 16. Qg5 Ng6 17. h4 Re8 18. Qe3 h6 19. Qe1 Qc7 20. Ba5 Qc8 21. Qe2 c5 22.
h5 Nf8 23. Rac1 Qc6 24. dxc5 Qxc5 25. Bb4 Qxh5 26. Qxh5 Nxh5 27. axb5 axb5 28.
Nd4 Ra2 29. Nxb5 Rxb2 30. Nd6 Rb8 31. Bc3 Rb3 32. Bf1 Ba6 33. e5 g6 34. Ne4 Nh7
35. Bd2 Ng5 36. Bxg5 hxg5 37. Nc5 Ra3 38. Ra1 Rxa1 39. Rxa1 Bc8 40. Bxc4 Rb4 41.
Ra8 Rxc4 42. Rxc8+ Kh7 43. Rc7 Kg8 44. Nxe6 Rxc7 45. Nxc7 Kf8 46. Kg2 g4 47. Nd5
Ke8 48. Ne3 f5 49. exf6 Nxf6 50. Nc4 Ke7 51. Ne5 g5 52. Kf1 Ke6 53. Nc4 Kd5 54.
Ne3+ Kd4 55. Ke1 Kd3 56. Kd1 Kd4 57. Kd2 Ne4+ 58. Ke2 Nf6 59. Nf5+ Ke4 60. Nd6+
Kd4 61. Nb5+ Ke4 62. Nc7 Nd5 63. Ne6 Nc3+ 64. Ke1 Kf5 65. Nd4+ Ke4 66. Nb3 Kf3
67. Kf1 Ke4 68. Nc5+ Kd5 69. Nd7 Ke6 70. Nb6 Ke5 71. Nc4+ Ke4 72. Kg2 Nd5 73.
Nd6+ Ke5 74. Nf7+ Ke4 75. Nxg5+ Kf5 76. Nf7 Nf6 77. Kf1 Ke4 78. Ke2 Kd4 79. Nd6
Kd5 80. Nb5 Ke4 81. Nc3+ Kd4 82. Kd2 Nh5 83. Nb5+ Ke4 84. Ke2 Nf6 85. Nc3+ Kd4
86. Nb1 Ke4 87. Nd2+ Kd4 88. Nf1 Ke4 89. Kd2 Kf3 90. Ke1 Ne4 91. Nh2+ Kg2 92.
Nxg4 Nxf2 93. Nxf2 1/2-1/2

[Event "Olimpiade 2014 - Open"]
[Site "Tromsø"]
[Date "02.08.2014"]
[Round "1.24"]
[Board "3"]
[White "Khetho, Phemelo"]
[Black "Halkias, Stelios"]
[Result "0-1"]
[WhiteTitle "FM"]
[BlackTitle "GM"]
[WhiteElo "2195"]
[BlackElo "2544"]
[WhiteTeam "Botswana"]
[BlackTeam "Greece"]
[WhiteFideId "11300280"]
[BlackFideId "4201809"]
[EventDate "2014.08.02"]

1. e4 e5 2. Nf3 Nc6 3. Bb5 a6 4. Ba4 Nf6 5. Qe2 Be7 6. c3 b5 7. Bc2 O-O 8. O-O
d6 9. Rd1 Bb7 10. a4 Qb8 11. d4 exd4 12. Nxd4 Nxd4 13. cxd4 Re8 14. f3 c5 15.
Be3 Bf8 16. Qf2 Qc7 17. Rc1 Qe7 18. d5 Nxd5 19. Bxc5 dxc5 20. exd5 Bxd5 21. Nc3
Bc6 22. axb5 axb5 23. Rxa8 Rxa8 24. Re1 Qf6 25. Be4 Rd8 26. Bxc6 Qxc6 27. Qe2 c4
28. Qe4 Qc5+ 29. Kf1 b4 30. Ne2 g6 31. Rc1 Rc8 32. Rd1 Bg7 33. Rd5 Qa7 34. Qg4
f5 35. Qh4 Qc7 36. Qe1 c3 37. bxc3 bxc3 38. Nc1 Qc4+ 39. Rd3 Bh6 40. Qe2 Qf7 41.
Rd1 Bd2 42. Rxd2 cxd2 43. Qxd2 Qc4+ 44. Ne2 Re8 45. Kf2 Qc5+ 46. Kf1 Qe5 47. g3
Rb8 48. Qd4 Qxd4 49. Nxd4 Rb2 50. Ne2 Kf7 51. h4 Kf6 52. Kf2 Ra2 53. Ke3 Ra3+
54. Kf2 Ke5 55. Kg2 Ra2 56. Kf2 Kd5 57. Ke3 Ra3+ 58. Kf4 Ke6 59. Nd4+ Kf6 60. g4
Ra4 61. g5+ Ke7 62. Ke5 Ra5+ 63. Kf4 Kd6 64. h5 Ra4 65. hxg6 hxg6 66. Ke3 f4+
67. Kd3 Ke5 68. Nc6+ Kf5 69. Ke2 Kxg5 70. Ne5 Ra5 71. Nc4 Rd5 72. Nd2 Rxd2+ 73.
Kxd2 Kh4 74. Kd3 Kg3 75. Ke4 g5 0-1

[Event "Olimpiade 2014 - Open"]
[Site "Tromsø"]
[Date "02.08.2014"]
[Round "1.24"]
[Board "4"]
[White "Mastrovasilis, Athanasios"]
[Black "Olebile, Thato"]
[Result "1-0"]
[WhiteTitle "GM"]
[BlackTitle "CM"]
[WhiteElo "2526"]
[BlackElo "2144"]
[WhiteTeam "Greece"]
[BlackTeam "Botswana"]
[WhiteFideId "4201990"]
[BlackFideId "11300760"]
[EventDate "2014.08.02"]

1. Nf3 d5 2. g3 c6 3. Bg2 Nf6 4. O-O Bg4 5. d3 Bxf3 6. Bxf3 e5 7. Nd2 Nbd7 8. e4
dxe4 9. Nxe4 Nxe4 10. Bxe4 Be7 11. Re1 O-O 12. Bd2 g6 13. b4 Qc7 14. Qb1 a6 15.
a4 Bf6 16. Qb3 Rac8 17. Rab1 Rfe8 18. Be3 Nf8 19. b5 cxb5 20. axb5 Qxc2 21. Bxb7
axb5 22. Bxc8 Qxb3 23. Rxb3 Rxc8 24. Rxb5 Kg7 25. Rd5 Ne6 26. Rc1 Rb8 27. Rd7 g5
28. Rc6 Rd8 29. Rxd8 Bxd8 30. g4 Bf6 31. Kg2 h5 32. h3 Kg6 33. Kf3 h4 34. Ke4
Nd8 35. Rb6 Ne6 36. Kd5 Nc7+ 37. Kd6 Ne6 38. Kd7 Nf8+ 39. Ke8 Ne6 40. Rb7 Ng7+
41. Kf8 Ne6+ 42. Kg8 Bd8 43. Rxf7 Bc7 44. Re7 Kf6 45. Rxe6+ Kxe6 46. Bxg5 Kd5
47. Bxh4 Kd4 48. g5 Bd8 49. Kf7 Kxd3 50. Ke8 Kd4 1-0

[Event "Olimpiade 2014 - Open"]
[Site "Tromsø"]
[Date "02.08.2014"]
[Round "1.25"]
[Board "1"]
[White "Solak, Dragan"]
[Black "Alice, Mateus Felizardo Viageiro"]
[Result "1-0"]
[WhiteTitle "GM"]
[BlackTitle "FM"]
[WhiteElo "2632"]
[BlackElo "2121"]
[WhiteTeam "Turkey"]
[BlackTeam "Mozambique"]
[WhiteFideId "916811"]
[BlackFideId "14800047"]
[EventDate "2014.08.02"]

1. c4 Nf6 2. Nc3 c5 3. g3 g6 4. Bg2 Bg7 5. e4 Nc6 6. Nge2 d6 7. d3 a6 8. O-O O-O
9. h3 Rb8 10. a4 Ne8 11. Be3 Nc7 12. d4 cxd4 13. Nxd4 Bd7 14. b3 Ne6 15. Nde2 f5
16. exf5 Rxf5 17. Rb1 Nb4 18. Qd2 a5 19. Nd5 Nxd5 20. Bxd5 Kh8 21. Bxe6 Bxe6 22.
Nd4 Bxd4 23. Bxd4+ Kg8 24. Bc3 Rh5 25. h4 Bh3 26. Qd4 Qf8 27. Rfe1 Re8 28. Re3
e5 29. Qd5+ Be6 30. Qxb7 Qf5 31. Rb2 Rf8 32. Qe4 Qf7 33. Rd2 Rf5 34. f4 Bc8 35.
Rxd6 Bb7 36. Qd3 Rxf4 37. gxf4 Qxf4 38. Rxg6+ Kf7 39. Bxe5 1-0

[Event "Olimpiade 2014 - Open"]
[Site "Tromsø"]
[Date "02.08.2014"]
[Round "1.25"]
[Board "2"]
[White "Mucongoma, Miguel Jose Maconi"]
[Black "Can, Emre"]
[Result "0-1"]
[WhiteTitle "FM"]
[BlackTitle "GM"]
[WhiteElo "2194"]
[BlackElo "2529"]
[WhiteTeam "Mozambique"]
[BlackTeam "Turkey"]
[WhiteFideId "14800080"]
[BlackFideId "6302181"]
[EventDate "2014.08.02"]

1. Nf3 g6 2. d4 Bg7 3. e4 d6 4. Be2 Nf6 5. Qd3 O-O 6. O-O Nc6 7. Nc3 e5 8. dxe5
Nxe5 9. Nxe5 dxe5 10. Qxd8 Rxd8 11. Bg5 c6 12. f4 Rd4 13. Bd3 h6 14. fxe5 Ng4
15. Bf4 Nxe5 16. Rad1 Be6 17. Be2 Nd7 18. Bd3 Ne5 19. Be2 Rd7 20. Rxd7 Nxd7 21.
Rd1 Nc5 22. e5 Nd7 23. Ne4 Nxe5 24. Nc5 Bf5 25. Nxb7 Bxc2 26. Rc1 Be4 27. Na5
Nd3 28. Bxd3 Bxd3 29. Nxc6 Bxb2 30. Rd1 Be4 31. Nb8 a5 32. h4 Bf5 33. Nc6 Kg7
34. a4 Bf6 35. g3 Bc2 36. Rd6 Bxa4 37. Nd4 Rd8 38. Rxd8 Bxd8 39. Be3 Bd7 0-1

[Event "Olimpiade 2014 - Open"]
[Site "Tromsø"]
[Date "02.08.2014"]
[Round "1.25"]
[Board "3"]
[White "Yilmaz, Mustafa"]
[Black "Calicoca, Wilton Inacio"]
[Result "1-0"]
[WhiteTitle "GM"]
[WhiteElo "2569"]
[BlackElo "2218"]
[WhiteTeam "Turkey"]
[BlackTeam "Mozambique"]
[WhiteFideId "6302718"]
[BlackFideId "14800268"]
[EventDate "2014.08.02"]

1. d4 d5 2. c4 c6 3. Nf3 Nf6 4. Nbd2 e6 5. g3 Nbd7 6. Bg2 b6 7. O-O Bb7 8. Qc2
c5 9. cxd5 exd5 10. dxc5 Bxc5 11. Nb3 O-O 12. Bg5 h6 13. Bf4 Rc8 14. Nxc5 Nxc5
15. Qd1 Ne6 16. Be5 Qe7 17. Qa4 a6 18. Rac1 Ne4 19. Qb3 b5 20. Qe3 N6g5 21. Bd4
Qe6 22. Nxg5 Nxg5 23. Qd3 Rxc1 24. Rxc1 Rc8 25. Rd1 Qc6 26. h4 Ne4 27. Bh3 Rc7
28. Kh2 Qc2 29. f3 Nf6 30. Bc3 Qxd3 31. Rxd3 Re7 32. e4 Nd7 33. exd5 Re2+ 34.
Kg1 Nc5 35. Rd1 Na4 36. d6 Bc6 37. d7 Bxd7 38. Rxd7 Nxc3 39. bxc3 Rxa2 40. Bf5
g6 41. Be4 Ra1+ 42. Kg2 Rc1 43. Bd5 Rxc3 44. Bxf7+ Kh8 45. Bxg6 a5 46. Rd5 Rb3
47. Be8 a4 48. Rxb5 Rxb5 49. Bxb5 a3 50. Bc4 1-0

[Event "Olimpiade 2014 - Open"]
[Site "Tromsø"]
[Date "02.08.2014"]
[Round "1.25"]
[Board "4"]
[White "Abrantes, Persson"]
[Black "Ipatov, Alexander"]
[Result "0-1"]
[WhiteTitle "CM"]
[BlackTitle "GM"]
[WhiteElo "1986"]
[BlackElo "2614"]
[WhiteTeam "Mozambique"]
[BlackTeam "Turkey"]
[WhiteFideId "14800063"]
[BlackFideId "14116731"]
[EventDate "2014.08.02"]

1. e4 g6 2. Nc3 Bg7 3. g3 d6 4. Bg2 Nc6 5. d3 h5 6. h3 e5 7. Be3 h4 8. g4 Bh6 9.
Qd2 Bxe3 10. fxe3 f5 11. exf5 gxf5 12. Bxc6+ bxc6 13. Qg2 fxg4 14. Qxc6+ Bd7 15.
Qe4 Ne7 16. d4 g3 17. O-O-O Bc6 18. d5 Bd7 19. Rf1 Qc8 20. Rf6 Bf5 21. Qc4 Ng8
22. Re6+ Bxe6 23. dxe6 Qb7 24. Qa4+ c6 25. Nf3 O-O-O 26. Nxh4 Ne7 27. Ng2 d5 28.
h4 Rdf8 29. Qa3 Rf2 30. Rg1 Rhf8 31. Nd1 R2f6 32. e4 Rxe6 33. Qxg3 Rg6 34. Qxe5
Qc7 35. Qc3 Qh2 36. Qc5 Rf7 37. Qxa7 Rxg2 38. Qa8+ Kc7 39. Qa7+ Kd8 40. Qa5+ Kd7
41. Qa7+ Ke6 42. exd5+ Nxd5 43. Re1+ Re2 44. Qa5 Rxe1 45. Qxe1+ Qe5 46. Qg1 Rg7
47. Qc5 Qf4+ 48. Kb1 Qd2 49. Qxc6+ Ke5 50. Qe8+ Kf6 51. Qf8+ Rf7 52. Qd6+ Kg7
53. Qg3+ Kh7 54. Qd3+ Qxd3 55. cxd3 Rf1 56. Kc2 Nb4+ 57. Kd2 Nxa2 58. b3 Rh1 59.
d4 Rxh4 60. Kd3 Nc1+ 61. Kc2 Ne2 62. d5 Nd4+ 63. Kc3 Nb5+ 64. Kc2 Kg6 65. Ne3
Kf6 66. Nc4 Rd4 67. d6 0-1

[Event "Olimpiade 2014 - Open"]
[Site "Tromsø"]
[Date "02.08.2014"]
[Round "1.26"]
[Board "1"]
[White "Kulpruethanon, Thanadon"]
[Black "Zhigalko, Sergei"]
[Result "0-1"]
[BlackTitle "GM"]
[WhiteElo "2143"]
[BlackElo "2678"]
[WhiteTeam "Thailand"]
[BlackTeam "Belarus"]
[WhiteFideId "6201610"]
[BlackFideId "13502956"]
[EventDate "2014.08.02"]

1. Nf3 Nf6 2. g3 b5 3. Bg2 Bb7 4. Na3 a6 5. c4 b4 6. Nc2 e6 7. O-O c5 8. a3 bxa3
9. Rxa3 Be7 10. d3 O-O 11. Bd2 Qb6 12. b4 d5 13. d4 cxd4 14. c5 Qd8 15. Nfxd4
Re8 16. Nb3 Nc6 17. Ncd4 Qc7 18. Qa1 Nxd4 19. Nxd4 e5 20. Nf5 Bf8 21. Rd1 d4 22.
c6 Bc8 23. Qb1 Rb8 24. Ra4 Rb6 25. Bg5 Rxc6 26. Bxc6 Qxc6 27. Ra5 Ne4 28. Rc1
Nc3 29. Qc2 Bxf5 0-1